[Event "Silkway Cup"]
[Site "T#646345FIDE"]
[Date "2020.05.28"]
[Round "14"]
[White "muradli mahammad"]
[Black "Sadikhov_Ulvi"]
[Result "1/2-1/2"]
[WhiteElo "2416"]
[BlackElo "2220"]
[PlyCount "156"]
[EventDate "2020.05.28"]
[EventType "swiss (blitz)"]

1. d4 {[%emt 0:00:02]} Nf6 {[%emt 0:00:02]} 2. c4 {[%emt 0:00:01]} g6 {[%emt 0:00:01]} 3. Nc3 {[%emt 0:00:06]} Bg7 {[%emt 0:00:01]} 4. e4 {[%emt 0:00:01]} d6 {[%emt 0:00:01]} 5. Be2 {[%emt 0:00:00]} O-O {[%emt 0:00:04]} 6. Be3 {[%emt 0:00:01]} c5 {[%emt 0:00:06]} 7. d5 {[%emt 0:00:01]} Na6 {[%emt 0:00:04]} 8. Nf3 {[%emt 0:00:06]} Nc7 {[%emt 0:00:02]} 9. Nd2 {[%emt 0:00:09]} a6 {[%emt 0:00:05] muradli mahammad reconnected.} 10. a4 {[%emt 0:00:02]} Rb8 {[%emt 0:00:02]} 11. Qc2 {[%emt 0:00:16]} Bd7 {[%emt 0:00:03]} 12. a5 {[%emt 0:00:01]} b5 {[%emt 0:00:13]} 13. axb6 {[%emt 0:00:01]} Rxb6 {[%emt 0:00:01]} 14. O-O {[%emt 0:00:02]} Ng4 {[%emt 0:00:18]} 15. Bxg4 {[%emt 0:00:19]} Bxg4 {[%emt 0:00:02]} 16. f3 {[%emt 0:00:12] muradli mahammad reconnected.} Bd7 {[%emt 0:00:01]} 17. Rae1 {[%emt 0:00:05]} Qb8 {[%emt 0:00:03]} 18. b3 {[%emt 0:00:01]} Rb7 {[%emt 0:00:10]} 19. f4 {[%emt 0:00:05]} Qa7 {[%emt 0:00:01]} 20. Bf2 {[%emt 0:00:17]} Qb6 {[%emt 0:00:04]} 21. e5 {[%emt 0:00:04] muradli mahammad reconnected.} a5 {[%emt 0:00:16]} 22. Nce4 {[%emt 0:00:10] muradli mahammad reconnected. muradli mahammad reconnected.} Ra8 {[%emt 0:00:22]} 23. Bh4 {[%emt 0:00:16] muradli mahammad reconnected.} Re8 {[%emt 0:00:13]} 24. exd6 {[%emt 0:00:06]} exd6 {[%emt 0:00:02]} 25. Nf6+ {[%emt 0:00:00]} Bxf6 {[%emt 0:00:11]} 26. Bxf6 {[%emt 0:00:00]} Rxe1 {[%emt 0:00:04]} 27. Rxe1 {[%emt 0:00:00]} Ne8 {[%emt 0:00:01]} 28. Bb2 {[%emt 0:00:07]} Qd8 {[%emt 0:00:06] muradli mahammad reconnected.} 29. Qc3 {[%emt 0:00:03]} f6 {[%emt 0:00:01]} 30. Kf2 {[%emt 0:00:06]} a4 {[%emt 0:00:09]} 31. bxa4 {[%emt 0:00:00]} Bxa4 {[%emt 0:00:02]} 32. Ne4 {[%emt 0:00:09] muradli mahammad reconnected.} Rb3 {[%emt 0:00:11] muradli mahammad reconnected.} 33. Qd2 {[%emt 0:00:03]} Kf7 {[%emt 0:00:11]} 34. Bc3 {[%emt 0:00:11] muradli mahammad reconnected.} Bd7 {[%emt 0:00:06]} 35. h3 {[%emt 0:00:19]} h5 {[%emt 0:00:08]} 36. Kg1 {[%emt 0:00:03]} Qb6 {[%emt 0:00:05]} 37. Qe3 {[%emt 0:00:21] muradli mahammad reconnected.} Rb1 {[%emt 0:00:18] muradli mahammad reconnected.} 38. Ng5+ {[%emt 0:00:02]} Kg8 {[%emt 0:00:04]} 39. Qe7 {[%emt 0:00:05]} Rxe1+ {[%emt 0:00:02]} 40. Bxe1 {[%emt 0:00:00]} fxg5 {[%emt 0:00:07]} 41. Qxd7 {[%emt 0:00:01]} Kf8 {[%emt 0:00:06]} 42. fxg5 {[%emt 0:00:11] muradli mahammad reconnected.} Qb1 {[%emt 0:00:01]} 43. Qe6 {[%emt 0:00:04]} Qc2 {[%emt 0:00:03]} 44. Kh2 {[%emt 0:00:05]} Qxc4 {[%emt 0:00:03]} 45. Bg3 {[%emt 0:00:00]} h4 {[%emt 0:00:03]} 46. Bxd6+ {[%emt 0:00:02]} Nxd6 {[%emt 0:00:01]} 47. Qxd6+ {[%emt 0:00:00]} Kf7 {[%emt 0:00:01]} 48. Qf6+ {[%emt 0:00:02]} Ke8 {[%emt 0:00:01]} 49. Qxg6+ {[%emt 0:00:01]} Kd8 {[%emt 0:00:00]} 50. Qe6 {[%emt 0:00:01]} Qf4+ {[%emt 0:00:01]} 51. Kg1 {[%emt 0:00:01]} Qc1+ {[%emt 0:00:01]} 52. Kf2 {[%emt 0:00:00]} Qf4+ {[%emt 0:00:01]} 53. Ke2 {[%emt 0:00:03]} Qxg5 {[%emt 0:00:01]} 54. Qe4 {[%emt 0:00:09]} Qg3 {[%emt 0:00:04]} 55. Qf3 {[%emt 0:00:10] muradli mahammad reconnected.} Qe5+ {[%emt 0:00:03]} 56. Kd3 {[%emt 0:00:01]} Qd4+ {[%emt 0:00:01]} 57. Kc2 {[%emt 0:00:00]} c4 {[%emt 0:00:01]} 58. Qf5 {[%emt 0:00:06]} Kc7 {[%emt 0:00:05]} 59. Qf7+ {[%emt 0:00:04]} Kb6 {[%emt 0:00:01]} 60. Qe6+ {[%emt 0:00:01]} Ka5 {[%emt 0:00:03]} 61. Qe1+ {[%emt 0:00:04]} Ka6 {[%emt 0:00:03]} 62. Qd1 {[%emt 0:00:02]} Qe4+ {[%emt 0:00:02]} 63. Kc3 {[%emt 0:00:00]} Kb5 {[%emt 0:00:03]} 64. d6 {[%emt 0:00:01]} Qe3+ {[%emt 0:00:02]} 65. Kc2 {[%emt 0:00:02]} Qb3+ {[%emt 0:00:01]} 66. Kd2 {[%emt 0:00:02]} Qxd1+ {[%emt 0:00:02]} 67. Kxd1 {[%emt 0:00:00]} Kc6 {[%emt 0:00:00]} 68. Kd2 {[%emt 0:00:07]} Kxd6 {[%emt 0:00:01]} 69. Kc3 {[%emt 0:00:01]} Kc5 {[%emt 0:00:01]} 70. Kc2 {[%emt 0:00:01]} Kd4 {[%emt 0:00:01]} 71. Kd2 {[%emt 0:00:02]} Ke4 {[%emt 0:00:01]} 72. Kc3 {[%emt 0:00:02]} Kd5 {[%emt 0:00:02]} 73. Kc2 {[%emt 0:00:02]} Kd4 {[%emt 0:00:01]} 74. Kd2 {[%emt 0:00:00]} Kd5 {[%emt 0:00:16]} 75. Kc3 {[%emt 0:00:01]} Kc5 {[%emt 0:00:00]} 76. Kc2 {[%emt 0:00:00]} Kd6 {[%emt 0:00:02]} 77. Kc3 {[%emt 0:00:01]} Kd5 {[%emt 0:00:00]} 78. Kc2 {[%emt 0:00:00]} Kd4 {[%emt 0:00:01] (Lag: Av=0.58s, max=1.1s)} 1/2-1/2

[Event "Silkway Cup"]
[Site "T#646345FIDE"]
[Date "2020.05.28"]
[Round "14"]
[White "GadimbayliA"]
[Black "Nino2014"]
[Result "1-0"]
[WhiteElo "2383"]
[BlackElo "1768"]
[Annotator "NA"]
[PlyCount "171"]
[EventDate "2020.05.28"]
[EventType "swiss (blitz)"]

1. e4 {[%emt 0:00:02]} e5 {[%emt 0:00:01]} 2. Nf3 {[%emt 0:00:01]} Nc6 {[%emt 0:00:01]} 3. Nc3 {[%emt 0:00:00]} Nf6 {[%emt 0:00:04]} 4. d4 {[%emt 0:00:01]} exd4 {[%emt 0:00:03]} 5. Nxd4 {[%emt 0:00:00]} Bb4 {[%emt 0:00:01]} 6. Nxc6 {[%emt 0:00:01]} bxc6 {[%emt 0:00:00]} 7. Bd3 {[%emt 0:00:00]} O-O {[%emt 0:00:02]} 8. O-O {[%emt 0:00:01]} d5 {[%emt 0:00:01]} 9. exd5 {[%emt 0:00:01]} cxd5 {[%emt 0:00:00]} 10. Bg5 {[%emt 0:00:01]} c6 {[%emt 0:00:07]} 11. Qf3 {[%emt 0:00:01]} h6 {[%emt 0:00:06]} 12. Bxf6 {[%emt 0:00:02]} Qxf6 {[%emt 0:00:00]} 13. Qxf6 {[%emt 0:00:01]} gxf6 {[%emt 0:00:00]} 14. Ne2 {[%emt 0:00:00]} Re8 {[%emt 0:00:20]} 15. Ng3 {[%emt 0:00:07]} Rb8 {[%emt 0:00:15]} 16. Nf5 {[%emt 0:01:07]} Bf8 {[%emt 0:00:02]} 17. b3 {[%emt 0:00:03]} c5 {[%emt 0:00:01]} 18. Ne3 {[%emt 0:00:01]} Be6 {[%emt 0:00:06]} 19. Rad1 {[%emt 0:00:03]} a5 {[%emt 0:00:12]} 20. Rfe1 {[%emt 0:00:20]} Rec8 {[%emt 0:00:03]} 21. Bf5 {[%emt 0:00:32]} d4 {[%emt 0:00:10]} 22. Bxe6 {[%emt 0:00:02]} fxe6 {[%emt 0:00:00]} 23. Nc4 {[%emt 0:00:01]} Kf7 {[%emt 0:00:11]} 24. a4 {[%emt 0:00:02]} e5 {[%emt 0:00:14]} 25. Nxa5 {[%emt 0:00:07]} Bd6 {[%emt 0:00:02]} 26. Nc4 {[%emt 0:00:01]} Bc7 {[%emt 0:00:01]} 27. f3 {[%emt 0:00:05]} Re8 {[%emt 0:00:02]} 28. g3 {[%emt 0:00:02]} f5 {[%emt 0:00:03]} 29. g4 {[%emt 0:00:18]} fxg4 {[%emt 0:00:05]} 30. Kg2 {[%emt 0:00:02]} gxf3+ {[%emt 0:00:09]} 31. Kxf3 {[%emt 0:00:00]} Ke6 {[%emt 0:00:02]} 32. Rg1 {[%emt 0:00:21]} Rf8+ {[%emt 0:00:02]} 33. Ke2 {[%emt 0:00:01]} e4 {[%emt 0:00:31]} 34. Rg6+ {[%emt 0:00:05]} Rf6 {[%emt 0:00:02]} 35. Rxf6+ {[%emt 0:00:09]} Kxf6 {[%emt 0:00:00]} 36. Rf1+ {[%emt 0:00:01]} Ke6 {[%emt 0:00:03]} 37. Rg1 {[%emt 0:00:01]} Kf5 {[%emt 0:00:14]} 38. Rf1+ {[%emt 0:00:05]} Ke6 {[%emt 0:00:02]} 39. Rg1 {[%emt 0:00:01]} Kf5 {[%emt 0:00:20]} 40. Rg7 {[%emt 0:00:01]} Bxh2 {[%emt 0:00:02]} 41. a5 {[%emt 0:00:01]} Ra8 {[%emt 0:00:06]} 42. Rf7+ {[%emt 0:00:02]} Ke6 {[%emt 0:00:06]} 43. Rg7 {[%emt 0:00:01]} Bc7 {[%emt 0:00:07]} 44. Rxc7 {[%emt 0:00:01]} Rg8 {[%emt 0:00:05]} 45. a6 {[%emt 0:00:06]} Rg2+ {[%emt 0:00:02]} 46. Kf1 {[%emt 0:00:05]} Rxc2 {[%emt 0:00:01]} 47. a7 {[%emt 0:00:00]} Ra2 {[%emt 0:00:02]} 48. Nb6 {[%emt 0:00:01]} Ra1+ {[%emt 0:00:06]} 49. Kg2 {[%emt 0:00:02]} d3 {[%emt 0:00:03]} 50. Rc6+ {[%emt 0:00:08]} Ke5 {[%emt 0:00:05]} 51. Rxc5+ {[%emt 0:00:02]} Ke6 {[%emt 0:00:12]} 52. Rc4 {[%emt 0:00:07]} Rxa7 {[%emt 0:00:05]} 53. Rxe4+ {[%emt 0:00:03]} Kf5 {[%emt 0:00:01]} 54. Rd4 {[%emt 0:00:11]} Rb7 {[%emt 0:00:01]} 55. Rd6 {[%emt 0:00:01]} d2 {[%emt 0:00:02]} 56. Nc4 {[%emt 0:00:01]} Rxb3 {[%emt 0:00:01]} 57. Nxd2 {[%emt 0:00:01]} Rb2 {[%emt 0:00:01]} 58. Kf3 {[%emt 0:00:02]} h5 {[%emt 0:00:01]} 59. Nc4 {[%emt 0:00:04]} Rb3+ {[%emt 0:00:01]} 60. Ne3+ {[%emt 0:00:01]} Kg5 {[%emt 0:00:03]} 61. Rd5+ {[%emt 0:00:01]} Kg6 {[%emt 0:00:01]} 62. Kf4 {[%emt 0:00:02]} Rb4+ {[%emt 0:00:02]} 63. Kf3 {[%emt 0:00:01]} Rb3 {[%emt 0:00:01]} 64. Ra5 {[%emt 0:00:01]} Rc3 {[%emt 0:00:01]} 65. Ra6+ {[%emt 0:00:01]} Kg5 {[%emt 0:00:01]} 66. Ra5+ {[%emt 0:00:00]} Kg6 {[%emt 0:00:01]} 67. Kf4 {[%emt 0:00:00]} Rb3 {[%emt 0:00:02]} 68. Ra6+ {[%emt 0:00:02]} Kf7 {[%emt 0:00:01]} 69. Nf5 {[%emt 0:00:01]} Rb4+ {[%emt 0:00:03]} 70. Kg5 {[%emt 0:00:00]} h4 {[%emt 0:00:02]} 71. Nxh4 {[%emt 0:00:01]} Ke7 {[%emt 0:00:01]} 72. Nf5+ {[%emt 0:00:01]} Kd7 {[%emt 0:00:01]} 73. Kf6 {[%emt 0:00:01]} Kc7 {[%emt 0:00:02]} 74. Ra2 {[%emt 0:00:01]} Rb6+ {[%emt 0:00:02]} 75. Ke7 {[%emt 0:00:02]} Rc6 {[%emt 0:00:03]} 76. Nd4 {[%emt 0:00:05]} Rc1 {[%emt 0:00:02]} 77. Ra6 {[%emt 0:00:05]} Kb7 {[%emt 0:00:04]} 78. Rd6 {[%emt 0:00:02]} Rc7+ {[%emt 0:00:04]} 79. Ke6 {[%emt 0:00:01]} Rc1 {[%emt 0:00:01]} 80. Kd5 {[%emt 0:00:03]} Kc7 {[%emt 0:00:03]} 81. Ne6+ {[%emt 0:00:04]} Kb7 {[%emt 0:00:01]} 82. Nc5+ {[%emt 0:00:00]} Kc7 {[%emt 0:00:02]} 83. Rd7+ {[%emt 0:00:01]} Kb6 {[%emt 0:00:05]} 84. Rb7+ {[%emt 0:00:01]} Ka5 {[%emt 0:00:02]} 85. Kc6 {[%emt 0:00:01]} Rh1 {[%emt 0:00:05]} 86. Rb5# {[%emt 0:00:01] (Lag: Av=0.54s, max=1.2s)} 1-0

[Event "Silkway Cup"]
[Site "T#646345FIDE"]
[Date "2020.05.28"]
[Round "14"]
[White "Belusi"]
[Black "NIKiler"]
[Result "0-1"]
[WhiteElo "2382"]
[BlackElo "1851"]
[PlyCount "144"]
[EventDate "2020.05.28"]
[EventType "swiss (blitz)"]

1. Nf3 {[%emt 0:00:05]} Nf6 {[%emt 0:00:02]} 2. c4 {[%emt 0:00:02]} c5 {[%emt 0:00:00]} 3. Nc3 {[%emt 0:00:02]} Nc6 {[%emt 0:00:01]} 4. e3 {[%emt 0:00:02]} g6 {[%emt 0:00:05]} 5. d4 {[%emt 0:00:02]} Bg7 {[%emt 0:00:09]} 6. d5 {[%emt 0:00:12]} Na5 {[%emt 0:00:02]} 7. Be2 {[%emt 0:00:09]} O-O {[%emt 0:00:01]} 8. O-O {[%emt 0:00:01]} d6 {[%emt 0:00:01]} 9. Bd2 {[%emt 0:00:02]} Bg4 {[%emt 0:00:04]} 10. b3 {[%emt 0:00:05]} a6 {[%emt 0:00:02]} 11. h3 {[%emt 0:00:09]} Bf5 {[%emt 0:00:02]} 12. Nh4 {[%emt 0:00:05]} Bd7 {[%emt 0:00:03]} 13. Rb1 {[%emt 0:00:05]} b5 {[%emt 0:00:01]} 14. cxb5 {[%emt 0:00:28]} axb5 {[%emt 0:00:02]} 15. Nxb5 {[%emt 0:00:01]} Nxd5 {[%emt 0:00:04]} 16. a4 {[%emt 0:00:25]} Nc7 {[%emt 0:00:06]} 17. Nc3 {[%emt 0:00:11]} Nc6 {[%emt 0:00:03]} 18. Nf3 {[%emt 0:00:03]} Rb8 {[%emt 0:00:08]} 19. Bc4 {[%emt 0:00:08]} Na5 {[%emt 0:00:04]} 20. Bd3 {[%emt 0:00:05]} Be6 {[%emt 0:00:04]} 21. Bc2 {[%emt 0:00:03]} Nc6 {[%emt 0:00:04]} 22. Ng5 {[%emt 0:00:09]} Bd7 {[%emt 0:00:04]} 23. Na2 {[%emt 0:00:13]} h6 {[%emt 0:00:03]} 24. Nf3 {[%emt 0:00:02]} Na6 {[%emt 0:00:02]} 25. Bc3 {[%emt 0:00:02]} Nab4 {[%emt 0:00:08]} 26. Bxg7 {[%emt 0:00:03]} Kxg7 {[%emt 0:00:01]} 27. Nc3 {[%emt 0:00:04]} Be6 {[%emt 0:00:02]} 28. e4 {[%emt 0:00:06]} Qa5 {[%emt 0:00:03]} 29. Nd5 {[%emt 0:00:07]} Rfc8 {[%emt 0:00:09]} 30. Nf4 {[%emt 0:00:08]} Bd7 {[%emt 0:00:09]} 31. Bd3 {[%emt 0:00:05]} e5 {[%emt 0:00:05]} 32. Nd5 {[%emt 0:00:06]} Nxd5 {[%emt 0:00:06]} 33. exd5 {[%emt 0:00:01]} Nb4 {[%emt 0:00:08]} 34. Bc4 {[%emt 0:00:01]} f5 {[%emt 0:00:01]} 35. Ne1 {[%emt 0:00:03]} f4 {[%emt 0:00:08]} 36. Rb2 {[%emt 0:00:02]} Bf5 {[%emt 0:00:01]} 37. g4 {[%emt 0:00:04]} fxg3 {[%emt 0:00:02]} 38. fxg3 {[%emt 0:00:01]} Bxh3 {[%emt 0:00:01]} 39. Rff2 {[%emt 0:00:02]} Rf8 {[%emt 0:00:02]} 40. g4 {[%emt 0:00:13]} h5 {[%emt 0:00:31]} 41. gxh5 {[%emt 0:00:02]} Qd8 {[%emt 0:00:08]} 42. h6+ {[%emt 0:00:16]} Kh7 {[%emt 0:00:03]} 43. Qd2 {[%emt 0:00:04]} Qh4 {[%emt 0:00:02]} 44. Ng2 {[%emt 0:00:03]} Qg3 {[%emt 0:00:05]} 45. Qe3 {[%emt 0:00:02]} Qg4 {[%emt 0:00:07]} 46. Kh2 {[%emt 0:00:02]} Bxg2 {[%emt 0:00:02]} 47. Rxg2 {[%emt 0:00:01]} Qh5+ {[%emt 0:00:01]} 48. Qh3 {[%emt 0:00:00]} Qxh3+ {[%emt 0:00:14]} 49. Kxh3 {[%emt 0:00:00]} Kxh6 {[%emt 0:00:00]} 50. Rbf2 {[%emt 0:00:04]} Rf5 {[%emt 0:00:04]} 51. Rxf5 {[%emt 0:00:07]} gxf5 {[%emt 0:00:00]} 52. Kg3 {[%emt 0:00:02]} Kg5 {[%emt 0:00:02]} 53. Kf3+ {[%emt 0:00:01]} Kf6 {[%emt 0:00:01]} 54. Rh2 {[%emt 0:00:01]} Kg7 {[%emt 0:00:01]} 55. Rg2+ {[%emt 0:00:01]} Kf6 {[%emt 0:00:00]} 56. Rh2 {[%emt 0:00:00]} f4 {[%emt 0:00:08]} 57. Rh6+ {[%emt 0:00:02]} Kf5 {[%emt 0:00:02]} 58. Rxd6 {[%emt 0:00:01]} e4+ {[%emt 0:00:00]} 59. Kf2 {[%emt 0:00:01]} f3 {[%emt 0:00:01]} 60. Rd7 {[%emt 0:00:01]} Rg8 {[%emt 0:00:01]} 61. Rf7+ {[%emt 0:00:01]} Ke5 {[%emt 0:00:01]} 62. Re7+ {[%emt 0:00:01]} Kd4 {[%emt 0:00:02]} 63. Bf1 {[%emt 0:00:02]} Nd3+ {[%emt 0:00:04]} 64. Bxd3 {[%emt 0:00:02]} Kxd3 {[%emt 0:00:00]} 65. d6 {[%emt 0:00:01]} Rg2+ {[%emt 0:00:01]} 66. Kf1 {[%emt 0:00:01]} Rd2 {[%emt 0:00:02]} 67. d7 {[%emt 0:00:03]} Ke3 {[%emt 0:00:01]} 68. Kg1 {[%emt 0:00:03]} Rd1+ {[%emt 0:00:04]} 69. Kh2 {[%emt 0:00:02]} f2 {[%emt 0:00:09]} 70. Rf7 {[%emt 0:00:02]} Ke2 {[%emt 0:00:01]} 71. Kg2 {[%emt 0:00:02]} e3 {[%emt 0:00:02]} 72. a5 {[%emt 0:00:01]} Rxd7 {[%emt 0:00:01] Belusi resigns (Lag: Av=0.66s, max=1.4s)} 0-1

[Event "Silkway Cup"]
[Site "T#646345FIDE"]
[Date "2020.05.28"]
[Round "14"]
[White "GIGA QUPARADZE"]
[Black "SuleymanliAydin1"]
[Result "1/2-1/2"]
[WhiteElo "2365"]
[BlackElo "2287"]
[PlyCount "47"]
[EventDate "2020.05.28"]
[EventType "swiss (blitz)"]

1. e4 {[%emt 0:00:01]} c6 {[%emt 0:00:06]} 2. d4 {[%emt 0:00:02]} d5 {[%emt 0:00:02]} 3. Nc3 {[%emt 0:00:01]} dxe4 {[%emt 0:00:01]} 4. Nxe4 {[%emt 0:00:00]} Bf5 {[%emt 0:00:01]} 5. Ng3 {[%emt 0:00:01]} Bg6 {[%emt 0:00:01]} 6. h4 {[%emt 0:00:01]} h6 {[%emt 0:00:01]} 7. Nf3 {[%emt 0:00:01]} Nd7 {[%emt 0:00:01]} 8. h5 {[%emt 0:00:01]} Bh7 {[%emt 0:00:01]} 9. Bd3 {[%emt 0:00:01]} Bxd3 {[%emt 0:00:01]} 10. Qxd3 {[%emt 0:00:00]} e6 {[%emt 0:00:05]} 11. Bf4 {[%emt 0:00:01]} a5 {[%emt 0:00:06]} 12. Ne4 {[%emt 0:00:11]} Ndf6 {[%emt 0:00:07]} 13. Nxf6+ {[%emt 0:00:20]} Nxf6 {[%emt 0:00:00]} 14. c4 {[%emt 0:00:05]} Bb4+ {[%emt 0:00:08]} 15. Bd2 {[%emt 0:00:02]} O-O {[%emt 0:00:05]} 16. O-O-O {[%emt 0:00:07]} b5 {[%emt 0:00:04]} 17. c5 {[%emt 0:00:05]} Qd5 {[%emt 0:00:27]} 18. Qb3 {[%emt 0:00:02]} Bxd2+ {[%emt 0:00:15]} 19. Rxd2 {[%emt 0:00:03]} Qxb3 {[%emt 0:00:30]} 20. axb3 {[%emt 0:00:00]} a4 {[%emt 0:00:06]} 21. bxa4 {[%emt 0:00:12]} Rxa4 {[%emt 0:00:00]} 22. Kc2 {[%emt 0:00:01]} Nd5 {[%emt 0:00:06]} 23. Ne5 {[%emt 0:00:03]} Rc8 {[%emt 0:00:10]} 24. g3 {[%emt 0:00:10] GIGA QUPARADZE Ïðåäëàãàåò íèü (Lag: Av=0.57s, max=0.7s)} 1/2-1/2

[Event "Silkway Cup"]
[Site "T#646345FIDE"]
[Date "2020.05.28"]
[Round "14"]
[White "Ka ch"]
[Black "Rasulov Vugar"]
[Result "0-1"]
[WhiteElo "2280"]
[BlackElo "2363"]
[PlyCount "76"]
[EventDate "2020.05.28"]
[EventType "swiss (blitz)"]

1. e4 {[%emt 0:00:01]} c5 {[%emt 0:00:01]} 2. Nf3 {[%emt 0:00:01]} e6 {[%emt 0:00:01]} 3. d4 {[%emt 0:00:00]} cxd4 {[%emt 0:00:00]} 4. Nxd4 {[%emt 0:00:00]} Nc6 {[%emt 0:00:01]} 5. Nc3 {[%emt 0:00:02]} Qc7 {[%emt 0:00:01]} 6. Be3 {[%emt 0:00:01]} a6 {[%emt 0:00:02]} 7. Qf3 {[%emt 0:00:01]} Ne5 {[%emt 0:00:07]} 8. Qg3 {[%emt 0:00:02]} h5 {[%emt 0:00:01]} 9. f4 {[%emt 0:00:27]} Ng4 {[%emt 0:00:19]} 10. Bg1 {[%emt 0:00:09]} b5 {[%emt 0:00:01]} 11. O-O-O {[%emt 0:00:05]} Bb7 {[%emt 0:00:08]} 12. h3 {[%emt 0:00:14]} N4f6 {[%emt 0:00:01]} 13. e5 {[%emt 0:00:08]} Nd5 {[%emt 0:00:28]} 14. Nxd5 {[%emt 0:00:12]} Bxd5 {[%emt 0:00:00]} 15. Kb1 {[%emt 0:00:07]} h4 {[%emt 0:00:07]} 16. Qf2 {[%emt 0:00:08]} Ne7 {[%emt 0:00:15]} 17. f5 {[%emt 0:00:21]} Nc6 {[%emt 0:00:11]} 18. fxe6 {[%emt 0:00:09]} dxe6 {[%emt 0:00:07]} 19. Nxc6 {[%emt 0:00:16]} Qxc6 {[%emt 0:00:00]} 20. Qd4 {[%emt 0:00:22]} Rc8 {[%emt 0:00:11]} 21. c3 {[%emt 0:00:13]} Be7 {[%emt 0:00:22]} 22. Bf2 {[%emt 0:00:09]} Rd8 {[%emt 0:00:03]} 23. Qg4 {[%emt 0:00:20]} Be4+ {[%emt 0:00:01]} 24. Ka1 {[%emt 0:00:03]} Rxd1+ {[%emt 0:00:02]} 25. Qxd1 {[%emt 0:00:01]} O-O {[%emt 0:00:12]} 26. Be2 {[%emt 0:00:03]} Rd8 {[%emt 0:00:02]} 27. Qc1 {[%emt 0:00:06]} a5 {[%emt 0:00:13]} 28. Rg1 {[%emt 0:00:02]} b4 {[%emt 0:00:02]} 29. cxb4 {[%emt 0:00:06]} Qxc1+ {[%emt 0:00:01]} 30. Rxc1 {[%emt 0:00:01]} axb4 {[%emt 0:00:03]} 31. Be3 {[%emt 0:00:07]} Bxg2 {[%emt 0:00:05]} 32. b3 {[%emt 0:00:03]} Bxh3 {[%emt 0:00:04]} 33. Rh1 {[%emt 0:00:04]} Bf5 {[%emt 0:00:01]} 34. Bc4 {[%emt 0:00:02]} h3 {[%emt 0:00:03]} 35. Bf4 {[%emt 0:00:02]} g5 {[%emt 0:00:06]} 36. Bg3 {[%emt 0:00:01]} Rd2 {[%emt 0:00:01]} 37. Rg1 {[%emt 0:00:03]} Bc5 {[%emt 0:00:02]} 38. Rh1 {[%emt 0:00:04] .} Bd4# {[%emt 0:00:01] (Lag: Av=0.87s, max=1.6s)} 0-1

[Event "Silkway Cup"]
[Site "T#646345FIDE"]
[Date "2020.05.28"]
[Round "14"]
[White "luka oboladze"]
[Black "Meri-Arabidze"]
[Result "1/2-1/2"]
[WhiteElo "2247"]
[BlackElo "1821"]
[PlyCount "111"]
[EventDate "2020.05.28"]
[EventType "swiss (blitz)"]

1. e4 {[%emt 0:00:01]} c5 {[%emt 0:00:02]} 2. Nf3 {[%emt 0:00:01]} e6 {[%emt 0:00:01]} 3. b3 {[%emt 0:00:09]} a6 {[%emt 0:00:03]} 4. Bb2 {[%emt 0:00:01]} Nc6 {[%emt 0:00:01]} 5. d4 {[%emt 0:00:03]} cxd4 {[%emt 0:00:03]} 6. Nxd4 {[%emt 0:00:00]} d6 {[%emt 0:00:04]} 7. Nxc6 {[%emt 0:00:11]} bxc6 {[%emt 0:00:02]} 8. Bd3 {[%emt 0:00:00]} Nf6 {[%emt 0:00:02]} 9. O-O {[%emt 0:00:01]} Be7 {[%emt 0:00:03]} 10. c4 {[%emt 0:00:03]} O-O {[%emt 0:00:06]} 11. Nc3 {[%emt 0:00:02]} e5 {[%emt 0:00:03]} 12. Na4 {[%emt 0:00:14]} c5 {[%emt 0:00:07]} 13. Qd2 {[%emt 0:00:08]} Bb7 {[%emt 0:00:07]} 14. Rae1 {[%emt 0:00:06]} Nh5 {[%emt 0:00:03]} 15. g3 {[%emt 0:00:06]} Bc8 {[%emt 0:00:05]} 16. f3 {[%emt 0:00:25]} g6 {[%emt 0:00:06]} 17. Nc3 {[%emt 0:00:03]} Be6 {[%emt 0:00:10]} 18. Nd5 {[%emt 0:00:14]} Bxd5 {[%emt 0:00:02]} 19. cxd5 {[%emt 0:00:00]} a5 {[%emt 0:00:02]} 20. f4 {[%emt 0:00:06]} Bf6 {[%emt 0:00:16]} 21. Be2 {[%emt 0:00:13]} Ng7 {[%emt 0:00:20]} 22. Qc3 {[%emt 0:00:20]} Ne8 {[%emt 0:00:05]} 23. Qc2 {[%emt 0:00:08]} Bg7 {[%emt 0:00:13]} 24. Bb5 {[%emt 0:00:12]} exf4 {[%emt 0:00:04]} 25. Bxg7 {[%emt 0:00:08]} Nxg7 {[%emt 0:00:03]} 26. gxf4 {[%emt 0:00:01]} Nh5 {[%emt 0:00:03]} 27. Bc6 {[%emt 0:00:07]} Ra7 {[%emt 0:00:02]} 28. e5 {[%emt 0:00:01]} Rc7 {[%emt 0:00:13]} 29. Kh1 {[%emt 0:00:08]} Re7 {[%emt 0:00:09]} 30. Qf2 {[%emt 0:00:06]} Qc7 {[%emt 0:00:08]} 31. Qb2 {[%emt 0:00:11]} Rd8 {[%emt 0:00:07]} 32. Re2 {[%emt 0:00:03]} Ng7 {[%emt 0:00:10]} 33. Rfe1 {[%emt 0:00:03]} Nf5 {[%emt 0:00:01]} 34. exd6 {[%emt 0:00:06]} Qxd6 {[%emt 0:00:02]} 35. Re5 {[%emt 0:00:04]} Rxe5 {[%emt 0:00:23]} 36. fxe5 {[%emt 0:00:00]} Qc7 {[%emt 0:00:01]} 37. Qc3 {[%emt 0:00:02]} Nd4 {[%emt 0:00:12]} 38. Qxc5 {[%emt 0:00:05]} Nxc6 {[%emt 0:00:12]} 39. Qxc6 {[%emt 0:00:01]} Qe7 {[%emt 0:00:04]} 40. e6 {[%emt 0:00:04]} fxe6 {[%emt 0:00:07]} 41. Qxe6+ {[%emt 0:00:08]} Qxe6 {[%emt 0:00:02]} 42. dxe6 {[%emt 0:00:00]} Kg7 {[%emt 0:00:01]} 43. Re5 {[%emt 0:00:03]} Re8 {[%emt 0:00:02]} 44. Kg2 {[%emt 0:00:04]} Kf6 {[%emt 0:00:02]} 45. Rxa5 {[%emt 0:00:01]} Rxe6 {[%emt 0:00:01]} 46. Ra7 {[%emt 0:00:01]} Re2+ {[%emt 0:00:05]} 47. Kg3 {[%emt 0:00:02]} h5 {[%emt 0:00:01]} 48. b4 {[%emt 0:00:12]} Rb2 {[%emt 0:00:03]} 49. a3 {[%emt 0:00:01]} g5 {[%emt 0:00:02]} 50. Ra5 {[%emt 0:00:04]} Rb3+ {[%emt 0:00:02]} 51. Kg2 {[%emt 0:00:01]} Rb2+ {[%emt 0:00:02]} 52. Kg3 {[%emt 0:00:01]} Rb3+ {[%emt 0:00:01]} 53. Kf2 {[%emt 0:00:01]} Rb2+ {[%emt 0:00:01]} 54. Kg1 {[%emt 0:00:00]} Rb1+ {[%emt 0:00:01]} 55. Kg2 {[%emt 0:00:02]} Rb2+ {[%emt 0:00:00]} 56. Kg3 {[%emt 0:00:03] (Lag: Av=1.17s, max=4.0s)} 1/2-1/2